| 000 | 00650nam a2200217Ia 4500 | ||
|---|---|---|---|
| 020 | _a3823611135 | ||
| 040 | _cBOH | ||
| 041 | 1 | _hger | |
| 082 | _a632 MAR 1995 A053 Co. | ||
| 100 | 1 | _aStoll, Gaby | |
| 245 | 1 | 0 |
_aNatural crop protection : _bbased on local farm resources in the tropics and subtropics / |
| 246 | 1 | 4 | _aNatural crop protection in the tropics |
| 260 |
_aWeikersheim, Germany : _bMargraf Verlag, _cc1995 |
||
| 300 |
_a188 p. : _bill. ; _c21 cm |
||
| 490 | 1 | _aTropical agroecology ; | |
| 500 | _aAt head of title: AGRECOL | ||
| 650 | 0 | _aPlants, Protection of | |
| 650 | 0 | _aCrops | |
| 710 | 2 | _aAGRECOL (Organization) | |
| 942 | _cEK | ||
| 999 |
_c14990 _d14990 |
||